000 00364nam a2200157Ia 4500
003 OSt
005 20240217111012.0
008 170523s9999 xx 000 0 und d
020 _a978-9352025770
040 _ciimt university meerut
100 _aKULKARNI- PV
245 0 _aCORPORATE FINANCE
260 _bHIMALAYA PUBLICATION
260 _c1992
942 _2ddc
_c02
999 _c476
_d476